Practical remarks on the principles of rating (Record no. 113949)
[ view plain ]
| 000 -LEADER | |
|---|---|
| fixed length control field | 00789cam a22002055a 4500 |
| 001 - CONTROL NUMBER | |
| control field | L155965 |
| 008 - FIXED-LENGTH DATA ELEMENTS--GENERAL INFORMATION | |
| fixed length control field | 120423s1869 xxk f 000 0 eng d |
| 035 ## - SYSTEM CONTROL NUMBER | |
| System control number | (Sirsi) u155965 |
| 041 0# - LANGUAGE CODE | |
| Language code of text/sound track or separate title | eng |
| 100 1# - MAIN ENTRY--PERSONAL NAME | |
| Personal name | Castle, Henry James |
| Dates associated with a name | 1809-1891 |
| 245 00 - TITLE STATEMENT | |
| Title | Practical remarks on the principles of rating |
| Remainder of title | as applied to the proper and uniform assessment of railways, gasworks, waterworks, mines, cemeteries, etc |
| Statement of responsibility, etc. | By Henry James Castle, assisted by Edward James Castle |
| 250 ## - EDITION STATEMENT | |
| Edition statement | 2nd ed. |
| 260 ## - PUBLICATION, DISTRIBUTION, ETC. | |
| Place of publication, distribution, etc. | London |
| Name of publisher, distributor, etc. | W. Maxwell & son [etc.] |
| Date of publication, distribution, etc. | 1869 |
| 300 ## - PHYSICAL DESCRIPTION | |
| Extent | xvii, 163 (i.e. 162), [4] p. |
| Dimensions | 23 cm. |
| 583 ## - ACTION NOTE | |
| Action | Condition reviewed |
| Time/date of action | 20120620 |
| Status | condition level 1 |
| 651 #4 - SUBJECT ADDED ENTRY--GEOGRAPHIC NAME | |
| Geographic name | Great Britain |
| Chronological subdivision | 1707- |
| 690 ## - LOCAL SUBJECT ADDED ENTRY--TOPICAL TERM (OCLC, RLIN) | |
| Topical term or geographic name as entry element | Finance and taxation |
| 700 1# - ADDED ENTRY--PERSONAL NAME | |
| Personal name | Castle, Edward James |
| Dates associated with a name | 1842-1912 |
| 942 ## - ADDED ENTRY ELEMENTS (KOHA) | |
| Suppress in OPAC | 0 |
| Withdrawn status | Lost status | Damaged status | Not for loan | Home library | Current library | Shelving location | Date acquired | Total Checkouts | Full call number | Barcode | Date last seen | Copy number | Price effective from | Koha item type |
|---|---|---|---|---|---|---|---|---|---|---|---|---|---|---|
| Historic collection | Historic collection | Historic collection | 23/04/2012 | PRICE OCTAVO 1869 CASTLE | 30077854 | 20/08/2025 | 1 | 06/08/2019 | Book |